[Event "Ramat Gan Purim Rapid op"]
[Site "Ramat Gan"]
[Date "2023.03.06"]
[Round "3"]
[White "Bercovici, Yaniv"]
[Black "Elkayam, Omer"]
[Result "1-0"]
[WhiteElo "1680"]
[BlackElo "1539"]
[PlyCount "73"]
[EventDate "2023.03.06"]
[EventType "swiss (rapid)"]
[EventRounds "5"]
[EventCountry "ISR"]
[SourceTitle "CBM 213 Extra"]
[Source "ChessBase"]
[SourceDate "2023.05.31"]
[SourceVersion "1"]
[SourceVersionDate "2023.05.31"]
[SourceQuality "1"]

1. c4 Nf6 2. Nc3 g6 3. g3 Bg7 4. Bg2 c5 5. d3 0-0 6. e3 Nc6 7. Nge2 d6 8. 0-0 Bg4 9. h3 Bf5 10. a3 Qd7 11. Kh2 a6 12. Rb1 Rfd8 13. b4 Rab8 14. b5 Ne5 15. e4 Be6 16. f4 Nxc4 17. dxc4 Bxc4 18. bxa6 Bxa6 19. Be3 b5 20. Qd2 Rb6 21. Rfd1 Bb7 22. e5 Bxg2 23. Kxg2 Qb7+ 24. Kh2 Ne4 25. Nxe4 Qxe4 26. Qd3 Qc6 27. Qd5 Qxd5 28. Rxd5 Ra8 29. exd6 exd6 30. Bc1 b4 31. axb4 Ra2 32. Rd2 Rba6 33. b5 Rxd2 34. Bxd2 Ra2 35. b6 Ra8 36. b7 Rb8 37. Ba5 1-0

[Event "Ramat Gan Purim Rapid op"]
[Site "Ramat Gan"]
[Date "2023.03.06"]
[Round "5"]
[White "Shlaen, Rem"]
[Black "Elkayam, Omer"]
[Result "1-0"]
[WhiteElo "1900"]
[BlackElo "1539"]
[PlyCount "49"]
[EventDate "2023.03.06"]
[EventType "swiss (rapid)"]
[EventRounds "5"]
[EventCountry "ISR"]
[SourceTitle "CBM 213 Extra"]
[Source "ChessBase"]
[SourceDate "2023.05.31"]
[SourceVersion "1"]
[SourceVersionDate "2023.05.31"]
[SourceQuality "1"]

1. e4 e6 2. d4 d5 3. exd5 exd5 4. Bd3 Bd6 5. Nf3 Ne7 6. Be3 Nbc6 7. c3 Bg4 8. Nbd2 Qd7 9. 0-0 0-0-0 10. b4 f5 11. Nb3 f4 12. Bd2 g5 13. b5 Nb8 14. Nc5 Bxc5 15. dxc5 c6 16. Qa4 Bxf3 17. gxf3 cxb5 18. Qxa7 Rdf8 19. Rab1 Nbc6 20. Qb6 g4 21. Kh1 gxf3 22. Rxb5 Ne5 23. Qa7 N7c6 24. Qa8+ Kc7 25. Rxb7# 1-0